Vincitori Coppa del Mondo di cricket - Statistics

Statistiche generali
  • Questo quiz è stato fatto 13 volte
  • Il punteggio medio è 8 su 12
Statistiche sulle risposte
Edizione Continente Nazionale vincitrice % Corretto
1983 Asia India
92%
2011 Asia India
92%
1987 Oceania Australia
85%
1999 Oceania Australia
85%
2003 Oceania Australia
85%
2007 Oceania Australia
85%
2015 Oceania Australia
85%
2019 Europa Inghilterra
85%
1992 Asia Pakistan
85%
1996 Asia Sri Lanka
62%
1975 America del Nord Indie Occidentali
0%
1979 America del Nord Indie Occidentali
0%
Nessun quiz corrispondente trovato
Distribuzione punteggi
Percentuale di utenti per punteggio
Percentile per numero di risposta
I tuoi punteggi nel tempo
Non hai fatto questo quiz